Viktor Kožený čaká na súd
Kauza vytunelovaných harvardských fondov. Privatizačné aktivity V. Koženého v Azerbajdžane. Predaj privatizačných kupónov americkým investorom. Oklamanie investorov. Vyšetrovanie v Čechách aj v USA. Krádež veľkého rozsahu.
Saved in:
| Main Author: | |
|---|---|
| Format: | Book Chapter |
| Language: | Slovak |
| Subjects: | |
| Tags: |
No Tags, Be the first to tag this record!
|
MARC
| LEADER | 00000naa$a2200000$$$4500 | ||
|---|---|---|---|
| 001 | 0044373 | ||
| 005 | 20231009071445.1 | ||
| 041 | 0 | |a slo | |
| 044 | |a SK | ||
| 245 | 1 | 0 | |a Viktor Kožený čaká na súd |c Peter Kráľovič |
| 520 | |a Kauza vytunelovaných harvardských fondov. Privatizačné aktivity V. Koženého v Azerbajdžane. Predaj privatizačných kupónov americkým investorom. Oklamanie investorov. Vyšetrovanie v Čechách aj v USA. Krádež veľkého rozsahu. | ||
| 610 | 2 | 0 | |a podvody |
| 610 | 2 | 0 | |a činnosť trestná |
| 610 | 2 | 0 | |a fondy investičné |
| 610 | 2 | 0 | |a akcie |
| 610 | 2 | 0 | |a predaj |
| 610 | 2 | 0 | |a investície |
| 610 | 2 | 0 | |a privatizácia |
| 610 | 2 | 0 | |a privatizácia kupónová |
| 610 | 2 | 0 | |a Česko |
| 100 | 1 | |a Kráľovič, Peter | |